Culture générale - Quiz #03 - Statistiques

Statistiques générales
  • Ce quiz a été pris 151 227 fois
  • Le résultat moyen est 9 sur 20
Statistiques - réponses
Question Réponse % Correct
De quelle forme est Bob l'Éponge ? Carrée
93%
Le tropique du Cancer se trouve dans l'hémisphère nord.Comment se nomme son homologue de l'hémisphère sud ? Tropique du {Capricorne}
79%
Quelle est la plus haute montagne d'Afrique ? Le Kilimandjaro
75%
Quelle chanteuse est surnommée Queen B ? Beyoncé
74%
Qu'est-ce que le nori, ingrédient dans lequel sont roulés les maki ? De l'algue
70%
Dans quelle ville celèbre-t-on l'Oktoberfest ? Munich
60%
Quel est le plus grand de tous les animaux ? La baleine bleue
57%
De quelle ville les Beatles sont-ils originaires ? Liverpool
55%
À quelle "société secrète" appartenaient Voltaire, Mozart, ou encore George Washington ? Franc-maçonnerie
52%
Quel pays d'Asie a dépassé le Brésil en 2017 pour devenir le cinquième plus peuplé au monde ? Le Pakistan
47%
Quel film de 1972 réalisé par Francis Ford Coppola a gagné l'Oscar du meilleur film ? Le Parrain
41%
Quelle est la capitale de l'Arabie Saoudite ? Riyad
40%
Qui fut la deuxième personne à marcher sur la Lune ? Buzz Aldrin
36%
Qui a franchi le Rubicon ? Jules César
27%
Quelle ville a pour ancien nom Saigon ? Ho Chi Minh-Ville
26%
Qui a été défini comme "infaillible" lors du Concile Vatican I ? Le pape
23%
Dans quel monument sont enterrés la plupart des rois de France ? Basilique Saint-Denis
22%
Dans l'Ancien Testament, quelles villes furent détruites "par le soufre et le feu" en punition de leurs péchés ? Sodome
21%
Quel conquistador a défait les Aztèques ? Hernán Cortés
20%
Dans l'Ancien Testament, quelles villes furent détruites "par le soufre et le feu" en punition de leurs péchés ? Gomorrhe
19%
Aucun quiz correspondant
Distribution des résultats
% des personnes avec chaque résultat
Percentile par nombre de réponses
Votre historique - résultats
Vous n’avez pas pris ce quiz